The Color atlas of human anatomy / (Record no. 10370)

000 -LEADER
fixed length control field 01051cam a2200301 a 4500
001 - CONTROL NUMBER
control field 3734510
005 - DATE AND TIME OF LATEST TRANSACTION
control field 20160215145656.0
008 - FIXED-LENGTH DATA ELEMENTS--GENERAL INFORMATION
fixed length control field 820126s1980 nyua 001 0 eng
010 ## - LIBRARY OF CONGRESS CONTROL NUMBER
LC control number 81047550
020 ## - INTERNATIONAL STANDARD BOOK NUMBER
International Standard Book Number 0517545144 (pbk.) :
Terms of availability $6.95
040 ## - CATALOGING SOURCE
Original cataloging agency DLC
Transcribing agency DLC
Modifying agency DLC
041 1# - LANGUAGE CODE
Language code of text/sound track or separate title engita
050 00 - LIBRARY OF CONGRESS CALL NUMBER
Classification number QM 25 .N8613 1980
Item number .N8613
082 00 - DEWEY DECIMAL CLASSIFICATION NUMBER
Classification number 611/.0022/2
Edition number 19
130 0# - MAIN ENTRY--UNIFORM TITLE
Uniform title Nuovo atlante del corpo umano.
Language of a work English.
245 04 - TITLE STATEMENT
Title The Color atlas of human anatomy /
Statement of responsibility, etc. edited by Vanio Vannini and Giuliano Pogliani ; translated and revised by Richard T. Jolly.
250 ## - EDITION STATEMENT
Edition statement 1st ed.
260 ## - PUBLICATION, DISTRIBUTION, ETC. (IMPRINT)
Place of publication, distribution, etc. New York :
Name of publisher, distributor, etc. Harmony Books,
Date of publication, distribution, etc. c1980.
300 ## - PHYSICAL DESCRIPTION
Extent 107 p. :
Other physical details ill. (some col.) ;
Dimensions 27 cm.
500 ## - GENERAL NOTE
General note Rev. translation of: Nuovo atlante del corpo umano.
500 ## - GENERAL NOTE
General note Includes index.
650 #0 - SUBJECT ADDED ENTRY--TOPICAL TERM
Topical term or geographic name as entry element Human anatomy
General subdivision Atlases.
700 1# - ADDED ENTRY--PERSONAL NAME
Personal name Vannini, Vanio.
700 1# - ADDED ENTRY--PERSONAL NAME
Personal name Pogliani, Giuliano.
700 1# - ADDED ENTRY--PERSONAL NAME
Personal name Jolly, Richard T.
906 ## - LOCAL DATA ELEMENT F, LDF (RLIN)
a 7
b cbc
c orignew
d 2
e ocip
f 19
g y-gencatlg
942 ## - ADDED ENTRY ELEMENTS (KOHA)
Source of classification or shelving scheme
Koha item type Hard Covered Materials
Classification part QM 25 .N8613 1980
Holdings
Withdrawn status Lost status Source of classification or shelving scheme Damaged status Not for loan Home library Current library Shelving location Date acquired Source of acquisition Total Checkouts Full call number Barcode Date last seen Price effective from Koha item type
          MACHAKOS UNIVERSITY LIBRARY MACHAKOS UNIVERSITY LIBRARY Technical section 04/12/2015 Donation [B.F.A]   QM 25 .V36 1980 20115 30/05/2019 04/12/2015 Hard Covered Materials
© Machakos University Library, Along The Highway, Machakos Wote Rd, Machakos, Kenya P.O. Box 136 - 90100 Machakos - Kenya

Tel: ( +254 ) 723 805829 OR Fax : 044-20353 OR Email: library@mksu.ac.ke